<?xml version="1.0" encoding="UTF-8"?>
<record
    xmlns:xsi="http://www.w3.org/2001/XMLSchema-instance"
    xsi:schemaLocation="http://www.loc.gov/MARC21/slim http://www.loc.gov/standards/marcxml/schema/MARC21slim.xsd"
    xmlns="http://www.loc.gov/MARC21/slim">

  <leader>01036nam a2200205 i 4500</leader>
  <controlfield tag="001">40730</controlfield>
  <controlfield tag="003">ES-MaACL</controlfield>
  <controlfield tag="005">20250820063029.0</controlfield>
  <controlfield tag="007">t|</controlfield>
  <controlfield tag="008">030306s1880    sp           ||||1| spa d</controlfield>
  <datafield tag="100" ind1="1" ind2=" ">
    <subfield code="a">Carreras y Arag&#xF3;, Luis, </subfield>
    <subfield code="d">1835-1907</subfield>
    <subfield code="9">35685</subfield>
  </datafield>
  <datafield tag="245" ind1="1" ind2="0">
    <subfield code="a">Examen y mejora de la visi&#xF3;n seguido de una serie de cuadros sin&#xF3;pticos de las diversas alteraciones en la refracci&#xF3;n y en la acomodaci&#xF3;n del ojo, con las lentes destinadas a corregirlas,  y de unas tablas y escala visuales crom&#xE1;ticas / </subfield>
    <subfield code="c">por Luis Carreras Arag&#xF3; ; ilustrado con grabados y cromos por... Ricardo de Vilallonga.</subfield>
  </datafield>
  <datafield tag="260" ind1=" " ind2=" ">
    <subfield code="a">Barcelona : </subfield>
    <subfield code="b">[s.n.], </subfield>
    <subfield code="c">1880 (</subfield>
    <subfield code="f">Estab. Tip. de los Sucesores de N. Ram&#xED;rez y C&#xAA;)</subfield>
  </datafield>
  <datafield tag="300" ind1=" " ind2=" ">
    <subfield code="a">60, [38] p., [3] h. de l&#xE1;m. col. ; </subfield>
    <subfield code="c">30 cm.</subfield>
  </datafield>
  <datafield tag="650" ind1="0" ind2="4">
    <subfield code="a">Oftalmolog&#xED;a.</subfield>
    <subfield code="9">15693</subfield>
  </datafield>
  <datafield tag="650" ind1=" " ind2="4">
    <subfield code="a">&#xD3;ptica fisiol&#xF3;gica.</subfield>
    <subfield code="9">152040</subfield>
  </datafield>
  <datafield tag="700" ind1="1" ind2=" ">
    <subfield code="a">Vilallonga Velasco, Ricardo de.</subfield>
    <subfield code="9">171732</subfield>
  </datafield>
  <datafield tag="852" ind1=" " ind2=" ">
    <subfield code="a">ES-MaACL</subfield>
    <subfield code="j">T-664-F-8   </subfield>
    <subfield code="z">- Dedicatoria manuscrita del autor a Manuel S&#xE1;enz D&#xED;ez</subfield>
  </datafield>
  <datafield tag="999" ind1=" " ind2=" ">
    <subfield code="c">40730</subfield>
    <subfield code="d">40730</subfield>
  </datafield>
  <datafield tag="952" ind1=" " ind2=" ">
    <subfield code="0">0</subfield>
    <subfield code="1">0</subfield>
    <subfield code="4">0</subfield>
    <subfield code="7">0</subfield>
    <subfield code="8">Colecci&#xF3;n_de_folletos</subfield>
    <subfield code="a">ATENEOM</subfield>
    <subfield code="b">ATENEOM</subfield>
    <subfield code="c">DEPOF</subfield>
    <subfield code="d">2008-01-17</subfield>
    <subfield code="e">SC</subfield>
    <subfield code="l">0</subfield>
    <subfield code="o">T-664-F-8</subfield>
    <subfield code="p">1042879</subfield>
    <subfield code="r">2023-02-23 00:00:00</subfield>
    <subfield code="w">2023-02-23</subfield>
    <subfield code="y">FOLLETOS</subfield>
  </datafield>
</record>
